[Event "WchT Seniors 65"]
[Site "Dresden"]
[Date "2018.07.10"]
[Round "4.4"]
[White "Khanukov, Boris"]
[Black "Hilpert, Rainer"]
[Result "1/2-1/2"]
[WhiteElo "2273"]
[BlackElo "2127"]
[PlyCount "80"]
[EventDate "2018.07.07"]
[EventType "team-swiss"]
[EventRounds "9"]
[EventCountry "GER"]
[SourceTitle "CBM 185 Extra"]
[Source "ChessBase"]
[SourceDate "2018.07.29"]
[SourceVersion "1"]
[SourceVersionDate "2018.07.29"]
[SourceQuality "1"]
[WhiteTeam "Germany II"]
[BlackTeam "Offenbach"]
[WhiteTeamCountry "GER"]
[BlackTeamCountry "GER"]

1. Nf3 Nf6 2. g3 d5 3. Bg2 c6 4. 0-0 Bf5 5. d4 e6 6. Nh4 Bg6 7. Nxg6 hxg6 8. Nd2 Nbd7 9. e4 dxe4 10. Nxe4 Nxe4 11. Bxe4 Bd6 12. Bg2 0-0 13. c4 Nf6 14. Bg5 Qa5 15. Bd2 Bb4 16. Be3 Rfd8 17. a3 Be7 18. Qe2 Rd7 19. Rfd1 Rad8 20. h3 Qa4 21. Bf3 Ne8 22. Rac1 Bf6 23. d5 cxd5 24. cxd5 exd5 25. Bg4 Re7 26. Qc2 Qb5 27. Qc5 Qxb2 28. Rb1 Qc3 29. Qxc3 Bxc3 30. Bxa7 Nf6 31. Bf3 Red7 32. g4 Ra8 33. Bc5 Ra5 34. Be3 d4 35. Bc1 Nd5 36. Rb3 Rc5 37. Kf1 b5 38. Be2 Rb7 39. Bf3 Rd7 40. Be2 Rb7 1/2-1/2

[Event "Mittelrhein Verbandsliga-S 17/18"]
[Site "Nordrheinwestfalen"]
[Date "2017.10.22"]
[Round "3.5"]
[White "Hilpert, Rainer"]
[Black "Schlicht, Markus"]
[Result "0-1"]
[WhiteElo "1935"]
[BlackElo "1889"]
[PlyCount "54"]
[EventDate "2017.09.10"]
[EventType "team-tourn"]
[EventRounds "11"]
[EventCountry "GER"]
[SourceTitle "EXT 2022"]
[Source "ChessBase"]
[SourceDate "2021.10.06"]
[SourceVersion "1"]
[SourceVersionDate "2021.10.06"]
[SourceQuality "1"]
[WhiteTeam "Rheinbacher SF"]
[BlackTeam "Bruehl II"]
[WhiteTeamCountry "GER"]
[BlackTeamCountry "GER"]

1. d4 Nf6 2. c4 g6 3. Nc3 Bg7 4. e4 d6 5. f4 0-0 6. Nf3 c5 7. d5 e6 8. Be2 exd5 9. cxd5 Re8 10. e5 Nh5 11. 0-0 Bg4 12. Bb5 Nd7 13. h3 Bxf3 14. Qxf3 dxe5 15. f5 e4 16. Nxe4 Bd4+ 17. Nf2 Ne5 18. Qb3 Qh4 19. Bxe8 Rxe8 20. Bd2 c4 21. Qd1 Nd3 22. Qf3 Ng3 23. Kh2 Nxf1+ 24. Rxf1 Bxf2 25. fxg6 hxg6 26. g3 Bxg3+ 27. Qxg3 Re2+ 0-1

[Event "Mittelrhein Verbandsliga-S 17/18"]
[Site "Nordrheinwestfalen"]
[Date "2017.09.10"]
[Round "1.3"]
[White "Schott, Guido"]
[Black "Hilpert, Rainer"]
[Result "0-1"]
[WhiteElo "2011"]
[BlackElo "1935"]
[PlyCount "112"]
[EventDate "2017.09.10"]
[EventType "team-tourn"]
[EventRounds "11"]
[EventCountry "GER"]
[SourceTitle "EXT 2022"]
[Source "ChessBase"]
[SourceDate "2021.10.06"]
[SourceVersion "1"]
[SourceVersionDate "2021.10.06"]
[SourceQuality "1"]
[WhiteTeam "Hennef"]
[BlackTeam "Rheinbacher SF"]
[WhiteTeamCountry "GER"]
[BlackTeamCountry "GER"]

1. Nf3 Nf6 2. g3 d5 3. Bg2 c6 4. d3 g6 5. Nbd2 Bg7 6. e4 dxe4 7. dxe4 0-0 8. 0-0 Na6 9. Qe2 h6 10. Nb3 Bg4 11. h3 Bd7 12. e5 Nd5 13. c4 Ndc7 14. Be3 Ne6 15. Nbd4 Qc8 16. Rad1 Nxd4 17. Rxd4 Bxh3 18. Qd2 h5 19. Bh6 Bf5 20. Bxg7 Kxg7 21. Nh4 f6 22. Re1 Rf7 23. Be4 Bxe4 24. Rdxe4 Nc5 25. Rd4 Ne6 26. exf6+ exf6 27. Rd6 Nf8 28. Re4 Rd7 29. Qd4 Rf7 30. Rf4 Nh7 31. Qd3 Nf8 32. Qf3 Nd7 33. Qc3 Qf8 34. Nxg6 Qxd6 35. Nh4 Qe5 36. Qf3 Rh8 37. Nf5+ Kf8 38. Qa3+ Qc5 39. b4 Qb6 40. Nd6 Re7 41. Qc3 Re6 42. Ne4 Qd8 43. Ng5 Re2 44. Qd3 Qe8 45. Ne4 Re1+ 46. Kg2 Qe7 47. Qd4 Rh6 48. c5 h4 49. Ng5 hxg3 50. fxg3 Re2+ 51. Kf3 Rxa2 52. Re4 Ne5+ 53. Ke3 Ra3+ 54. Ke2 Rh2+ 55. Ke1 Ra1+ 56. Qxa1 Rh1+ 0-1

[Event "Mittelrhein Verbandsliga-O 16/17"]
[Site "Nordrheinwestfalen"]
[Date "2016.11.27"]
[Round "4"]
[White "Anderton, Philip"]
[Black "Hilpert, Rainer"]
[Result "1-0"]
[WhiteElo "1940"]
[BlackElo "1939"]
[PlyCount "45"]
[EventDate "2016.09.11"]
[EventType "team-tourn"]
[EventRounds "11"]
[EventCountry "GER"]
[SourceTitle "EXT 2022"]
[Source "ChessBase"]
[SourceDate "2021.10.06"]
[SourceVersion "1"]
[SourceVersionDate "2021.10.06"]
[SourceQuality "1"]
[WhiteTeam "Siebengebirge"]
[BlackTeam "Rheinbacher SF"]
[WhiteTeamCountry "GER"]
[BlackTeamCountry "GER"]

1. Nf3 d5 2. d4 Nf6 3. c4 dxc4 4. e3 e6 5. Bxc4 c5 6. 0-0 Be7 7. Nc3 0-0 8. a3 Nc6 9. dxc5 Qxd1 10. Rxd1 Bxc5 11. b4 Be7 12. Bb2 a6 13. b5 Na5 14. Be2 axb5 15. Nxb5 Rd8 16. Nc7 Rb8 17. Be5 Nc6 18. Rxd8+ Bxd8 19. Nb5 Nxe5 20. Nxe5 Be7 21. Rd1 Ne8 22. Nd7 Ra8 23. Nb6 1-0

[Event "Mittelrhein Verbandsliga-O 15/16"]
[Site "Nordrheinwestfalen"]
[Date "2016.02.21"]
[Round "8"]
[White "Hilpert, Rainer"]
[Black "Wegener, Marcus"]
[Result "1/2-1/2"]
[WhiteElo "1952"]
[BlackElo "1979"]
[PlyCount "68"]
[EventDate "2015.09.06"]
[EventType "team-tourn"]
[EventRounds "11"]
[EventCountry "GER"]
[SourceTitle "EXT 2022"]
[Source "ChessBase"]
[SourceDate "2021.10.06"]
[SourceVersion "1"]
[SourceVersionDate "2021.10.06"]
[SourceQuality "1"]
[WhiteTeam "Rheinbacher SF"]
[BlackTeam "Porz SG IV"]
[WhiteTeamCountry "GER"]
[BlackTeamCountry "GER"]

1. d4 c5 2. d5 Nf6 3. Nc3 g6 4. e4 d6 5. Nf3 Bg7 6. Bc4 0-0 7. 0-0 Na6 8. Re1 Bg4 9. h3 Bxf3 10. Qxf3 Nd7 11. Qe2 Nc7 12. f4 a6 13. a4 b6 14. Be3 Qb8 15. Rab1 Qb7 16. Bf2 Rfb8 17. Qg4 Qc8 18. Bh4 Qe8 19. Qf3 b5 20. axb5 axb5 21. Bf1 b4 22. Nd1 Nb5 23. Bxb5 Rxb5 24. Ne3 Bd4 25. Kh1 Bxe3 26. Rxe3 f6 27. Qg4 Nf8 28. e5 Qf7 29. e6 Qg7 30. f5 Rba5 31. Bf2 Ra1 32. Ree1 Rxb1 33. Rxb1 gxf5 34. Qxf5 Qg6 1/2-1/2

[Event "Mittelrhein Verbandsliga-O 15/16"]
[Site "Nordrheinwestfalen"]
[Date "2015.11.15"]
[Round "4"]
[White "Hilpert, Rainer"]
[Black "Wagner, Rainer"]
[Result "0-1"]
[WhiteElo "1952"]
[BlackElo "1993"]
[PlyCount "98"]
[EventDate "2015.09.06"]
[EventType "team-tourn"]
[EventRounds "11"]
[EventCountry "GER"]
[SourceTitle "EXT 2022"]
[Source "ChessBase"]
[SourceDate "2021.10.06"]
[SourceVersion "1"]
[SourceVersionDate "2021.10.06"]
[SourceQuality "1"]
[WhiteTeam "Rheinbacher SF"]
[BlackTeam "Bonn Stadtverwaltung"]
[WhiteTeamCountry "GER"]
[BlackTeamCountry "GER"]

1. d4 d5 2. Nf3 Nf6 3. e3 Bg4 4. Bd3 e6 5. Nbd2 c5 6. c3 Nc6 7. 0-0 Bd6 8. dxc5 Bxc5 9. Qe2 0-0 10. h3 Bh5 11. g4 Bg6 12. Bxg6 hxg6 13. e4 Qc7 14. e5 Nd7 15. Re1 f6 16. exf6 Qg3+ 17. Kh1 Qxh3+ 18. Nh2 Rxf6 19. f4 g5 20. Ndf3 gxf4 21. g5 Rg6 22. Bxf4 Rf8 23. Be3 Bd6 24. Bg1 Nde5 25. Rf1 Nxf3 26. Rxf3 Rxf3 27. Qxf3 Qxf3+ 28. Nxf3 Bf4 29. b4 a6 30. b5 axb5 31. Rb1 Bxg5 32. Rxb5 Bf6 33. Nd4 Nd8 34. Bh2 Bxd4 35. cxd4 Rg4 36. Bc7 Nc6 37. Rxb7 Rxd4 38. Rb6 Rc4 39. a4 Kf7 40. Rb7 Kf6 41. a5 Ra4 42. Rb5 Ra2 43. Rc5 Ne5 44. Rc1 Nc4 45. Rf1+ Ke7 46. Rg1 Nxa5 47. Rxg7+ Kf6 48. Rg3 Nc4 49. Rf3+ Ke7 0-1

[Event "Mittelrhein Regionalliga 1415"]
[Site "Mittelrhein"]
[Date "2015.02.22"]
[Round "7.6"]
[White "Hilpert, Rainer"]
[Black "Mandt, Mathias"]
[Result "1-0"]
[WhiteElo "1959"]
[BlackElo "2075"]
[PlyCount "104"]
[EventDate "2014.09.28"]
[EventType "team-tourn"]
[EventRounds "9"]
[EventCountry "GER"]
[SourceTitle "EXT 2023"]
[Source "ChessBase"]
[SourceDate "2022.10.05"]
[SourceVersion "1"]
[SourceVersionDate "2022.10.05"]
[SourceQuality "1"]
[WhiteTeam "Rheinbacher SF"]
[BlackTeam "Koeln Lasker"]
[WhiteTeamCountry "GER"]
[BlackTeamCountry "GER"]

1. d4 d5 2. c4 c6 3. Nf3 e6 4. Qc2 f5 5. Bf4 Nf6 6. e3 Bb4+ 7. Nbd2 Nbd7 8. a3 Qa5 9. Rd1 Be7 10. Be2 Ne4 11. 0-0 0-0 12. Ne5 Nxe5 13. Bxe5 Bd7 14. b4 Qd8 15. Nxe4 fxe4 16. f3 exf3 17. Bd3 h6 18. Bh7+ Kh8 19. Bxg7+ Kxg7 20. Qg6+ Kh8 21. Bg8 Rf7 22. Bxf7 Qf8 23. Bxe6 Be8 24. Qg4 dxc4 25. Rxf3 Qg7 26. Qxg7+ Kxg7 27. Bxc4 Bh5 28. Rg3+ Kh8 29. Rf1 Bg5 30. Bf7 Be2 31. Re1 Bb5 32. Rf3 Rd8 33. Bb3 b6 34. a4 Ba6 35. Rf7 Re8 36. e4 Bd2 37. Rd1 Bxb4 38. e5 Be2 39. Rc1 c5 40. Kf2 Bh5 41. Rxa7 Bd2 42. Rc2 Rf8+ 43. Kg3 Be1+ 44. Kh3 Rf4 45. g3 Rxd4 46. e6 Re4 47. e7 Bg6 48. Rc4 Bf5+ 49. Kg2 Re2+ 50. Kf1 Bd3 51. Kg1 Bf2+ 52. Kh1 Bd4 1-0

[Event "GER-chA Seniors 26th"]
[Site "Bad Neuenahr"]
[Date "2014.08.09"]
[Round "5"]
[White "Weidlich, Guenter"]
[Black "Hilpert, Rainer"]
[Result "1-0"]
[WhiteElo "2224"]
[BlackElo "2052"]
[PlyCount "61"]
[EventDate "2014.08.05"]
[EventType "swiss"]
[EventRounds "9"]
[EventCountry "GER"]
[SourceTitle "EXT 2018"]
[Source "ChessBase"]
[SourceDate "2017.10.13"]
[SourceVersion "1"]
[SourceVersionDate "2017.10.13"]
[SourceQuality "1"]

1. b3 e5 2. Bb2 Nc6 3. c4 Nf6 4. e3 d5 5. cxd5 Nxd5 6. a3 Bd6 7. Qc2 0-0 8. Nf3 Qe7 9. d3 Be6 10. Be2 f6 11. 0-0 Qf7 12. Nbd2 a5 13. Ne4 Be7 14. Nfd2 Rad8 15. Rac1 f5 16. Nc3 f4 17. Nxd5 Bxd5 18. Bf3 Bg5 19. Rfe1 fxe3 20. fxe3 Qg6 21. Bxd5+ Rxd5 22. Ne4 Rfd8 23. Rcd1 Bh4 24. Rf1 h6 25. Qc4 Kh7 26. Nc3 Rxd3 27. Qxh4 Rd2 28. Rxd2 Rxd2 29. Rf2 Qc2 30. Rxd2 Qxd2 31. Qf2 1-0

[Event "Mittelrhein Verbandsliga Ost 1314"]
[Site "Mittelrhein"]
[Date "2014.02.09"]
[Round "7.7"]
[White "Hilpert, Rainer"]
[Black "Rommel, Wilfried"]
[Result "1-0"]
[WhiteElo "1936"]
[BlackElo "1824"]
[PlyCount "71"]
[EventDate "2013.09.15"]
[EventType "team-tourn"]
[EventRounds "11"]
[EventCountry "GER"]
[SourceTitle "EXT 2023"]
[Source "ChessBase"]
[SourceDate "2022.10.05"]
[SourceVersion "1"]
[SourceVersionDate "2022.10.05"]
[SourceQuality "1"]
[WhiteTeam "Rheinbacher SF"]
[BlackTeam "Godesberg IV"]
[WhiteTeamCountry "GER"]
[BlackTeamCountry "GER"]

1. d4 Nf6 2. c4 g6 3. Nc3 Bg7 4. e4 d6 5. f3 0-0 6. Be3 a6 7. Qd2 Nc6 8. Nge2 Rb8 9. Nc1 e5 10. Nb3 Re8 11. d5 Ne7 12. 0-0-0 Bd7 13. g4 Kh8 14. Be2 b5 15. Rdg1 b4 16. Nd1 c6 17. h4 cxd5 18. cxd5 a5 19. Kb1 a4 20. Nc1 a3 21. b3 Qa5 22. h5 Rbc8 23. Bh6 Bxh6 24. Qxh6 Neg8 25. Qd2 Re7 26. Ne3 Bb5 27. Bc4 Rec7 28. Nd3 Rb8 29. Rc1 Ne8 30. hxg6 fxg6 31. g5 Bxc4 32. Nxc4 Qb5 33. f4 Re7 34. fxe5 dxe5 35. Ndxe5 Rc8 36. Nxg6+ 1-0

[Event "Mittelrhein Verbandsliga Ost 1314"]
[Site "Mittelrhein"]
[Date "2013.11.24"]
[Round "4.7"]
[White "Sejdini, Valentin"]
[Black "Hilpert, Rainer"]
[Result "1/2-1/2"]
[WhiteElo "1836"]
[BlackElo "1936"]
[PlyCount "61"]
[EventDate "2013.09.15"]
[EventType "team-tourn"]
[EventRounds "11"]
[EventCountry "GER"]
[SourceTitle "EXT 2023"]
[Source "ChessBase"]
[SourceDate "2022.10.05"]
[SourceVersion "1"]
[SourceVersionDate "2022.10.05"]
[SourceQuality "1"]
[WhiteTeam "Troisdorf"]
[BlackTeam "Rheinbacher SF"]
[WhiteTeamCountry "GER"]
[BlackTeamCountry "GER"]

1. f4 d5 2. Nf3 Nf6 3. e3 g6 4. b3 Bg7 5. Bb2 0-0 6. d3 c5 7. Be2 Nc6 8. 0-0 Ng4 9. Bxg7 Kxg7 10. Qc1 d4 11. e4 Ne3 12. Rf2 Qc7 13. g3 Bh3 14. Ng5 Bd7 15. Na3 h6 16. Nf3 a6 17. Ne1 b5 18. c4 b4 19. Nac2 Nxc2 20. Nxc2 f6 21. Qf1 a5 22. Qg2 a4 23. Rff1 e5 24. f5 g5 25. Bh5 Ra6 26. Rfb1 Rfa8 27. Qf1 R8a7 28. Qc1 Qc8 29. Bf3 Qa8 30. Qb2 Na5 31. Kf2 1/2-1/2

[Event "Verbandsliga Mittelrhein-Ost 1213"]
[Site "Germany"]
[Date "2013.01.13"]
[Round "6.8"]
[White "Puetzkaul, Karl"]
[Black "Hilpert, Rainer"]
[Result "1/2-1/2"]
[WhiteElo "1735"]
[BlackElo "1898"]
[PlyCount "47"]
[EventDate "2012.09.09"]
[EventType "team"]
[EventRounds "11"]
[EventCountry "GER"]
[SourceTitle "EXT 2015"]
[Source "ChessBase"]
[SourceDate "2014.11.20"]
[SourceVersion "1"]
[SourceVersionDate "2014.11.20"]
[SourceQuality "1"]
[WhiteTeam "Bayer Leverkusen II"]
[BlackTeam "Rheinbacher SF"]
[WhiteTeamCountry "GER"]
[BlackTeamCountry "GER"]

1. e4 c5 2. Nc3 Nc6 3. g3 g6 4. Bg2 Bg7 5. d3 d6 6. f4 e6 7. Nf3 Nge7 8. 0-0 0-0 9. Bd2 Rb8 10. Rb1 b5 11. Ne2 a5 12. c3 b4 13. Be3 Ba6 14. c4 Qb6 15. Qe1 Nd4 16. Nexd4 cxd4 17. Bf2 Rfe8 18. b3 Nc6 19. Qd2 Qc5 20. Nh4 Bb7 21. g4 Ne7 22. Bg3 f5 23. exf5 gxf5 24. h3 1/2-1/2

[Event "Mittelrhein Verbandsliga-O 1112"]
[Site "Germany"]
[Date "2012.04.15"]
[Round "9"]
[White "Gassmann, Peter"]
[Black "Hilpert, Rainer"]
[Result "1-0"]
[WhiteElo "1915"]
[BlackElo "1922"]
[PlyCount "47"]
[EventDate "2011.09.18"]
[EventType "team-tourn"]
[EventRounds "11"]
[EventCountry "GER"]
[SourceTitle "EXT 2013"]
[Source "ChessBase"]
[SourceDate "2012.11.22"]
[SourceVersion "1"]
[SourceVersionDate "2012.11.22"]
[SourceQuality "1"]
[WhiteTeam "Siegburg"]
[BlackTeam "Rheinbacher SF"]
[WhiteTeamCountry "GER"]
[BlackTeamCountry "GER"]

1. f4 Nf6 2. c4 g6 3. Nc3 Bg7 4. e4 0-0 5. d4 c5 6. d5 d6 7. Nf3 e6 8. Bd3 exd5 9. cxd5 Re8 10. 0-0 c4 11. Bxc4 Nxe4 12. Nxe4 Rxe4 13. Bd3 Re8 14. f5 Bxf5 15. Bxf5 gxf5 16. Ng5 h6 17. Nxf7 Kxf7 18. Qh5+ Kg8 19. Bxh6 Bd4+ 20. Kh1 Nd7 21. Qg6+ Kh8 22. Rxf5 Rg8 23. Qh5 Nf6 24. Rxf6 1-0

[Event "Mittelrhein Verbandsliga-O 1112"]
[Site "Germany"]
[Date "2011.12.11"]
[Round "4"]
[White "Vaerst, Joachim"]
[Black "Hilpert, Rainer"]
[Result "1-0"]
[WhiteElo "1971"]
[BlackElo "1922"]
[PlyCount "39"]
[EventDate "2011.09.18"]
[EventType "team-tourn"]
[EventRounds "11"]
[EventCountry "GER"]
[SourceTitle "EXT 2013"]
[Source "ChessBase"]
[SourceDate "2012.11.22"]
[SourceVersion "1"]
[SourceVersionDate "2012.11.22"]
[SourceQuality "1"]
[WhiteTeam "Erftstadt SV"]
[BlackTeam "Rheinbacher SF"]
[WhiteTeamCountry "GER"]
[BlackTeamCountry "GER"]

1. e4 c5 2. Nf3 d6 3. d4 cxd4 4. Qxd4 Nc6 5. Bb5 Bd7 6. Bxc6 Bxc6 7. Nc3 e6 8. Bg5 Nf6 9. 0-0-0 Be7 10. Qd3 Qa5 11. h4 a6 12. Nd4 Bd7 13. f4 h6 14. Bxf6 gxf6 15. f5 0-0-0 16. Kb1 Kb8 17. Nce2 Rc8 18. Nf4 Qe5 19. fxe6 fxe6 20. Ng6 1-0

[Event "Mittelrhein Verbandsliga-O 1112"]
[Site "Germany"]
[Date "2011.11.13"]
[Round "3"]
[White "Hilpert, Rainer"]
[Black "Koegler, Christof"]
[Result "1-0"]
[WhiteElo "1922"]
[BlackElo "1972"]
[PlyCount "119"]
[EventDate "2011.09.18"]
[EventType "team-tourn"]
[EventRounds "11"]
[EventCountry "GER"]
[SourceTitle "EXT 2013"]
[Source "ChessBase"]
[SourceDate "2012.11.22"]
[SourceVersion "1"]
[SourceVersionDate "2012.11.22"]
[SourceQuality "1"]
[WhiteTeam "Rheinbacher SF"]
[BlackTeam "Godesberg IV"]
[WhiteTeamCountry "GER"]
[BlackTeamCountry "GER"]

1. d4 Nf6 2. c4 e6 3. Nc3 Bb4 4. f3 d5 5. a3 Bxc3+ 6. bxc3 0-0 7. e3 c5 8. cxd5 exd5 9. Bd3 Nc6 10. Ne2 Re8 11. 0-0 Be6 12. Ng3 Qd7 13. a4 cxd4 14. cxd4 h5 15. Ba3 h4 16. Ne2 Bf5 17. Bc1 Bxd3 18. Qxd3 Nb4 19. Qb3 Qe7 20. Bd2 a5 21. Rfe1 Rac8 22. Rac1 g5 23. e4 dxe4 24. Rxc8 Rxc8 25. Bxg5 Nd3 26. Rf1 exf3 27. Qxd3 fxe2 28. Re1 Re8 29. Bxh4 Qd6 30. Bg3 Qd7 31. Be5 Rxe5 32. Qg3+ Ng4 33. dxe5 Kf8 34. h3 Qd4+ 35. Kh1 Nf2+ 36. Kh2 Ne4 37. Qa3+ Kg8 38. Rxe2 Nc3 39. Re1 Qf4+ 40. Kh1 Qd2 41. Qc1 Qxc1 42. Rxc1 Nxa4 43. Rb1 b6 44. g4 Kg7 45. Kg2 Kg6 46. Kg3 Kh6 47. Kf4 Kg6 48. h4 Kh7 49. Kg5 Kg7 50. h5 Kh7 51. Kf6 Nc3 52. Rb3 Nd5+ 53. Kxf7 a4 54. Rb5 Ne3 55. g5 Nf5 56. Rxb6 a3 57. g6+ Kh6 58. g7+ Kxh5 59. g8Q a2 60. Qg6+ 1-0